000 01483cam a22004214i 4500
003 PE-LiUPU
005 20250731172931.0
008 s1965 xxu gr 000 0 eng d
035 _a(Sirsi) a204403
040 _aPE-LiUPU
_bspa
_cPE-LiUPU
_erda
049 _aPRUA
082 0 4 _a231
_bL74
_221
100 1 _aLloyd-jones, D. Martyn,
_eautor.
245 1 0 _aFaith on trial /
_cD. Martyn Lloyd-jones.
264 1 _aMichigan :
_bEerdamans,
_c1965.
300 _a125 páginas ;
_c20 centímetros.
336 _atext
_2rdacontent
337 _aunmediated
_2rdamedia
338 _avolume
_2rdacarrier
505 2 _aThe problem stated -- Getting a foot-hold -- The importance of spiritual thinking -- Facing all the facts -- Beginning to understan -- Self-examination -- Spiritual allergy -- Nevertheless -- The final perseverance of the saint -- The rock of ages -- The new resolution.
526 _aSEG42
526 _aSEG41
526 _aSEG40
526 _aSEG39
526 _aP94
526 _aP87
526 _aP86
526 _aP85
526 _aP77
526 _aP76
526 _aP35
650 0 4 _aJuicio
_xFe
942 _2ddc
_cBOOK
994 _aC0
_bPEPRU
596 _a1
999 _a231 L74
_wLC
_c20764
_i76263
_f2021-11-9
_g4
_lCCODEBUL1
_mBUL
_p10.00
_r0
_sY
_tBOOK
_u2017-6-15
_xTEOLOGIA
_PP85
_0COMPRA
_o.STAFF. Colección Teología
_d20764
980 _81
_gALBERTO SANCHEZ Responsable de Automatización